Movies Quiz

Random Movies or Cartoons Quiz
Score 0/16 Timer 04:00
1 Play Today
% Correct
Lava
89.9%
The Blue Umbrella
87.3%
For the Birds
86.9%
Tin Toy
84.6%
Partly Cloudy
81.3%
Day & Night
79.3%
Geri's Game
79.2%
La Luna
78.1%
% Correct
One Man Band
76.9%
Presto
76.2%
Sanjay's Super Team
72.3%
Boundin'
71.7%
Luxo Jr.
70.3%
Piper
66.1%
Knick Knack
53.3%
Lifted
50.4%
Remove Ads.
Support Sporcle.
Get the best of Sporcle when you Go Orange. This ad-free experience offers more features, more stats, and more fun while also helping to support Sporcle. Thank you for becoming a member.

You're not logged in!

Compare scores with friends on all Sporcle quizzes.
OR
Log In

Show Comments

Extras

Top Quizzes Today


Score Distribution

Your Account Isn't Verified!

In order to create a playlist on Sporcle, you need to verify the email address you used during registration. Go to your Sporcle Settings to finish the process.

Report this User

Report this user for behavior that violates our Community Guidelines.

Details: